000 00733aam a2200253 4500
005 20160923092118.0
008 150325b xxu||||| |||| 00| 0 spa d
041 _aIN
082 _a2.70 O67s
100 _aWord Tourism Organization
_922295
245 _aTourist safety and segurity:practical measures for destinations
260 _aEspaña
260 _bOMT
260 _c1996
300 _a179 páginas
650 _aSEGURIDAD TURÍSTICA
_911941
650 _aPLANIFICACIÓN DE LA SEGURIDAD
_922296
650 _aPREVENCIÓN DE INCENDIOS
_922297
650 _aSALUD
_9396
650 _aPRIMEROS AUXILIOS
_9406
650 _aPROTECCIÓN DEL CONSUMIDOR
_94832
650 _aCOMUNICACIÓN TURÍSTICA
_911894
942 _cBK
999 _c1001
_d1001